| 000 | 00749nam a22002177a 4500 | ||
|---|---|---|---|
| 999 |
_c1340 _d1340 |
||
| 005 | 20251125232736.0 | ||
| 008 | s2530 th tha d | ||
| 040 | _aNALT | ||
| 041 | _atha | ||
| 050 |
_aDS570.6 _bค6ก33 |
||
| 100 | 0 | _aคึกฤทธิ์ ปราโมช, ม.ร.ว. | |
| 245 | 1 | 0 | _aพยาธิกถา |
| 260 | 3 |
_aกรุงเทพฯ : _bโรงพิมพ์สยามรัฐ, _c2530 |
|
| 300 |
_a1 เล่ม : _bภาพประกอบ |
||
| 650 | 0 | 4 | _aคึกฤทธิ์ ปราโมช, ม.ร.ว., 2454--2538 |
| 650 | 0 | 4 | _aเบาหวาน |
| 850 | _aNALT | ||
| 856 | 4 | 0 |
_uhttps://hdl.handle.net/20.500.14156/444279 _71 |
| 942 |
_cGB _2lcc |
||